Ludzie starzy i starość na ziemiach polskich od XVIII do XXI wieku (na tle porównawczym)
| Titel: | Ludzie starzy i starość na ziemiach polskich od XVIII do XXI wieku (na tle porównawczym) = Old people and old age in the Polish lands from the 18th to the 21st century (in a comparative context) / pod redakcją Agnieszki Janiak-Jasińskiej, Katarzyny Sierakowskiej, Andrzeja Szwarca |
|---|---|
| Beteiligt: | ; ; |
| Körperschaft: |
|
| Veröffentlicht: | Warszawa : Wydawnictwo DiG, 2016 |
| Format: | Mehrteiliges Werk |
| Sprache: | Polnisch |
| Bände: |
alle Bände anzeigen
|
| ISBN: | 8371819390 ; 9788371819391 |
alg: 37840561 001A $00026:19-04-16 001B $03025:02-08-17 $t11:03:59.000 001C $00026:19-04-16 $t08:53:04.000 001D $00026:09-05-16 001U $0utf8 001X $00 002@ $0Acu 002C $aText $btxt $2rdacontent 002D $aohne Hilfsmittel zu benutzen $bn $2rdamedia 002E $aBand $bnc $2rdacarrier 003@ $0378405616 004A $083-7181-939-0 004A $A978-83-7181-939-1 007A $0378405616 $aHEB 010@ $apol 010E $erda 011@ $a2016 021A $aLudzie starzy i starość na ziemiach polskich od XVIII do XXI wieku (na tle porównawczym) $fOld people and old age in the Polish lands from the 18th to the 21st century (in a comparative context) $hpod redakcją Agnieszki Janiak-Jasińskiej, Katarzyny Sierakowskiej, Andrzeja Szwarca 028C $BHerausgeber $#Jasińska, Agnieszka Janiak- $4edt $71059124297 $8Janiak-Jasińska, Agnieszka$Z1973- [Tp1] $9348216912 028C $BHerausgeber $4edt $71060396939 $8Sierakowska, Katarzyna [Tp1] $9349329362 028C $BHerausgeber $4edt $7 $8Szwarc, Andrzej [Tnx] $9165809906 029F $BHerausgebendes Organ $RUniwersytet Warszawski $#Instytut Historyczny Warschau $#Institutum Historicum Uniwersytet Warszawski $#IH UW $#Uniwersytet Warszawski, Institutum Historicum $#Institute of History Uniwersytet Warszawski $#Uniwersytet Warszawski, Institute of History $#Historisches Institut Uniwersytet Warszawski $#Uniwersytet Warszawski, Historisches Institut $#Institut d'Histoire Uniwersytet Warszawski $#Uniwersytet Warszawski, Institut d'Histoire $#IH $4isb $71005192-2 $8Uniwersytet Warszawski$bInstytut Historyczny [Tb1] $9041896130 029F $BHerausgebendes Organ $RPolskie Towarzystwo Historyczne $#Towarzystwo Miłośników Historyi $#Polskie Towarzystwo Historyczne, Towarzystwo Miłośników Historii $#TMH $#Towarzystwo Miłośników Historii Warszawa $#TMH Towarzystwo Miłośników Historii, Warszawa $#Towarzystwo Miłośników Historyi Warszawa $#Towarzystwo miłośników historii Warszawa $4isb $71009595-0 $8Towarzystwo Miłośników Historii [Tb1] $9041920252 033A $pWarszawa $nWydawnictwo DiG 044A $aLudzie starzy $2jhpk $S7 $xopieka i pomoc $xhistoria 044A $aLudzie starzy $2jhpk $S7 $xopieka i pomoc $xhistoria $zPolska 044A $aLudzie starzy $2jhpk $S7 $xopieka instytucjonalna 044A $aLudzie starzy $2jhpk $S7 $xsytuacja społeczna $zPolska 044A $aStarość $2jhpk $S7 044A $aStarość $2jhpk $S7 $xsocjologia 044A $aStarzenie się ludności $2jhpk $S7 $xhistoria $zPolska 044K $RErwachsener $RÄlterer Mensch $#Age $#Older people $#Âge $#Personnes âgées $#Età $#age $#Alter $#alter Mensch $#Alter Mensch $#Betagter $#Senioren $#Senior ab ca. 65 Jahre $74001446-0 $8Alter [Ts1] $9084994789 046C $aLudzie starzy i starość $bAbweichender Titel lok: 37840561 24 exp: 37840561 24 1 #EPN 201B/01 $020-07-16 $t14:11:42.000 201C/01 $020-07-16 201U/01 $0utf8 203@/01 $0778128342 208@/01 $a20-07-16 $bda 209B/01 $azur Fortsetzung bestellt !050! $x09 220C/01 $awal lok: 37840561 78 exp: 37840561 78 1 #EPN 201B/01 $002-08-17 $t11:05:18.000 201C/01 $002-08-17 201U/01 $0utf8 203@/01 $01005211558 208@/01 $a02-08-17 $be 209A/01 $a/ $f000 $x00 209A/01 $ab*p $x01 209A/01 $a*ng $x03 220C/01 $aej 244Z/01 $#Generalgouvernement Polen $#Polska $#Rzeczpospolita Polska $#Polska Rzeczpospolita Ludowa $#Poland $#Pologne $#République Polonaise $#Generalne Gubernatorstwo w Polsce $#Polish People's Republic $#Polska Rzeczpospolita Polen $#PRL $#RP $#Polen Generalgouvernement $#Polska Generalgouvernement $#Besetzte Polnische Gebiete $#Besetztes Gebiet in Polen $#Okupowane Polskie Obszary $#Obszary Okupowane w Polsce $#Volksrepublik Polen $#Polska Rosyjska $#Republic Polen $#Respublika Pol'ša $#Pol'skaja Narodnaja Respublika $#République de Pologne $#Polen Links der Weichsel $#Polska po Lewej Stronie Wisły $#Lenkija $#Polija $#Gubernija Carstva Pol'skago $#Republik Polen $74046496-9 $8--Tg1--Polen $x01 $9085129801 244Z/01 $#Altersfürsorge $#Altenhilfe $#Altersversorgung $8--Trx--Altenfürsorge $x02 $9116361867 247C/01 $82080>Marburg/Lahn, Herder-Institut, Forschungsbibliothek, Bibliographieportal $9336309341 lok: 37840561 204 exp: 37840561 204 1 #EPN 201B/01 $019-04-16 $t08:53:04.000 201C/01 $019-04-16 201U/01 $0utf8 203@/01 $0771623798 208@/01 $a19-04-16 $bdaUB
| LEADER | 00000cam a2200000 ca4500 | ||
|---|---|---|---|
| 001 | 378405616 | ||
| 003 | DE-603 | ||
| 005 | 20170802110359.0 | ||
| 007 | tu | ||
| 008 | 160419s2016 xx |||| | u00||u|pol c | ||
| 020 | |a 8371819390 | ||
| 020 | |a 9788371819391 | ||
| 035 | |a (DE-599)HEB378405616 | ||
| 040 | |a DE-603 |b ger |c DE-603 |d DE-603 |e rda | ||
| 041 | |a pol | ||
| 245 | 0 | 0 | |a Ludzie starzy i starość na ziemiach polskich od XVIII do XXI wieku (na tle porównawczym) |b = Old people and old age in the Polish lands from the 18th to the 21st century (in a comparative context) |c pod redakcją Agnieszki Janiak-Jasińskiej, Katarzyny Sierakowskiej, Andrzeja Szwarca |
| 246 | 1 | |i Abweichender Titel |a Ludzie starzy i starość | |
| 264 | 1 | |a Warszawa |b Wydawnictwo DiG |c 2016 | |
| 336 | |a Text |b txt |2 rdacontent | ||
| 337 | |a ohne Hilfsmittel zu benutzen |b n |2 rdamedia | ||
| 338 | |a Band |b nc |2 rdacarrier | ||
| 650 | 7 | |a Alter |0 (DE-588)4001446-0 |0 (DE-603)084994789 |2 gnd | |
| 700 | 1 | |a Janiak-Jasińska, Agnieszka |d 1973- |e Herausgeber |4 edt |0 (DE-603)348216912 |0 (DE-588)1059124297 |2 gnd | |
| 700 | 1 | |a Sierakowska, Katarzyna |e Herausgeber |4 edt |0 (DE-603)349329362 |0 (DE-588)1060396939 |2 gnd | |
| 700 | 1 | |a Szwarc, Andrzej |e Herausgeber |4 edt |0 (DE-603)165809906 | |
| 710 | 2 | |a Uniwersytet Warszawski |b Instytut Historyczny |e Herausgebendes Organ |4 isb |0 (DE-603)041896130 |0 (DE-588)1005192-2 |2 gnd | |
| 710 | 2 | |a Towarzystwo Miłośników Historii |e Herausgebendes Organ |4 isb |0 (DE-603)041920252 |0 (DE-588)1009595-0 |2 gnd | |
| 924 | 0 | |9 603 |a (DE-603)778128342 |b DE-603 |c HES |d d | |
| 924 | 0 | |9 2080 |a (DE-603)1005211558 |b DE-2080 |c HES |d d |g / | |
| 924 | 0 | |9 603 |a (DE-603)771623798 |b DE-603 |c HES |d d | |


